| 000 | 00918nam a2200265 a 4500 | ||
|---|---|---|---|
| 005 | 20220606084629.0 | ||
| 008 | 991125s1985 mx 000 0 spa u | ||
| 020 | _a9681618696 | ||
| 035 | _aUPN01000033739 | ||
| 040 |
_aMX-MxUPN _bspa _cMX-MxUPN |
||
| 050 | 4 |
_aPQ7104 L5 _bno.78 |
|
| 100 | 1 |
_aBenítez, Fernando, _d1912-2000 _931076 |
|
| 245 | 1 | 0 |
_aKi : _bel drama de un pueblo y de una planta / _cFernando Benítez. |
| 250 | _aPrimera edición | ||
| 260 |
_aMéxico : _bFondo de Cultura Económica : _bSecretaría de Educación Pública, Subsecretaría de Cultura, _c1985. |
||
| 300 | _a241 páginas | ||
| 490 |
_aLecturas mexicanas ; _v78 |
||
| 650 | 0 |
_aHenequén _xManufactura _944705 |
|
| 650 | 2 |
_aLiteratura mexicana _vColecciones _99428 |
|
| 651 | 2 |
_924502 _aYucatán _xCondiciones sociales |
|
| 902 | _aDMCV DORA MARIA CORTES VILLEGAS | ||
| 904 |
_aAC _b033740 |
||
| 905 | _aLibro | ||
| 942 |
_2lcc _cLIBRO |
||
| 999 |
_c33739 _d33739 |
||